[Event "28. Offene Internationale Bayerische Schachmeisterschaft"]
[Site "Gmund am Tegernsee"]
[Date "2025.11.09"]
[Round "9"]
[Board "1"]
[White "Horvath, Dominik"]
[Black "Tabatabaei, M. Amin"]
[Result "0-1"]
[WhiteElo "2541"]
[BlackElo "2681"]
[PlyCount "0"]
[EventDate "2025.11.01"]
[EventRounds "9"]
[EventCountry "GER"]

1. e4 c6 2. d4 d5 3. e5 Bf5 4. h4 h5 5. c4 e6 6. Nc3 dxc4 7. Bxc4 Be7 8. Nge2 Nd7
9. Ng3 Bg6 10. Nge2 Nh6 11. Nf4 Nf8 12. d5 exd5 13. Ncxd5 cxd5 14. Qa4+ Nd7 15. Nxg6
fxg6 16. Bxd5 Qb6 17. O-O O-O-O 18. b4 Ng4 19. Bf4 Ndxe5 20. Be6+ Qxe6 21. Qxa7 Qa6
22. Rac1+ Kd7 23. Rfd1+ Ke6  0-1

[Event "28. Offene Internationale Bayerische Schachmeisterschaft"]
[Site "Gmund am Tegernsee"]
[Date "2025.11.09"]
[Round "9"]
[Board "2"]
[White "Gumularz, Szymon"]
[Black "Visakh, N R"]
[Result "1/2-1/2"]
[WhiteElo "2584"]
[BlackElo "2540"]
[PlyCount "0"]
[EventDate "2025.11.01"]
[EventRounds "9"]
[EventCountry "GER"]

1. c4 e6 2. Nc3 Bb4 3. Qc2 d5 4. Nf3 Nc6 5. e3 Nf6 6. d4 O-O 7. Bd2 b6 8. a3 Bxc3
9. Bxc3 Bb7 10. b3 a5 11. Bb2 a4 12. b4 dxc4 13. Bxc4 Ne7 14. Be2 Be4 15. Qd1 Qd5
16. O-O Qb7 17. Rc1 Bd5 18. Ne1 Nf5 19. Bd3 b5 20. Qc2 Rac8 21. Bxf5 exf5 22. Qxf5
Rfe8 23. Nf3 Ne4 24. Ng5 Nxg5 25. Qxg5 h6 26. Qg3  1/2-1/2

[Event "28. Offene Internationale Bayerische Schachmeisterschaft"]
[Site "Gmund am Tegernsee"]
[Date "2025.11.09"]
[Round "9"]
[Board "3"]
[White "Engel, Luis"]
[Black "Dragnev, Valentin"]
[Result "1/2-1/2"]
[WhiteElo "2567"]
[BlackElo "2537"]
[PlyCount "0"]
[EventDate "2025.11.01"]
[EventRounds "9"]
[EventCountry "GER"]

1. e4 e5 2. Nf3 Nc6 3. Bb5 a6 4. Ba4 Nf6 5. O-O Be7 6. Re1 b5 7. Bb3 O-O 8. a4 Bb7
9. d3 d6 10. Nbd2 Nb8 11. axb5 axb5 12. Rxa8 Bxa8 13. Nf1 c5 14. Ng3 Bb7 15. c3 Bc8
16. h3 Qc7 17. Qe2 Nc6 18. d4 c4 19. Bc2 Re8 20. Be3 Bf8 21. Nd2 d5 22. dxe5 Nxe5
23. Nh5 Nxe4 24. Nxe4 dxe4 25. Bxe4 Bb7 26. Bxb7 Qxb7 27. Ra1 Qc6 28. Bd4 Nd3 29.
Qg4 Qg6 30. Qd7 Re1+ 31. Rxe1 Nxe1 32. Ng3 Nc2 33. Ba7 b4 34. Qc8 Qg5 35. cxb4 Nxb4
36. Qxc4 Qd2 37. Bd4 Nd3 38. Qc8 Nxb2 39. Nf5 Qe1+ 40. Kh2 Qe6 41. Qxe6 fxe6 42.
Nh6+ gxh6 43. Bxb2 Bd6+ 44. g3 Kf7 45. Kg2 h5 46. Kf3 Bc5 47. Bc1 Kg6 48. Be3 Bd6
49. Ke4 Bc7 50. Bf4 Bb6 51. f3 Bc5 52. Bc7 Bf2  1/2-1/2

[Event "28. Offene Internationale Bayerische Schachmeisterschaft"]
[Site "Gmund am Tegernsee"]
[Date "2025.11.09"]
[Round "9"]
[Board "4"]
[White "Hardaway, Brewington"]
[Black "Abdisalimov, Abdimalik"]
[Result "1/2-1/2"]
[WhiteElo "2522"]
[BlackElo "2553"]
[PlyCount "0"]
[EventDate "2025.11.01"]
[EventRounds "9"]
[EventCountry "GER"]

1. e4 c5 2. Nf3 d6 3. d4 cxd4 4. Nxd4 Nf6 5. Nc3 a6 6. Be2 e5 7. Nb3 Be7 8. Be3 Be6
9. f4 b5 10. fxe5 dxe5 11. Qxd8+ Bxd8 12. a4 b4 13. Nd5 Nbd7 14. O-O-O Nxe4 15. Bf3
f5 16. Bxe4 fxe4 17. Nxb4 Rc8 18. Kb1 Rc4 19. Nxa6 Be7 20. Na5 Rxa4 21. Nc7+ Kf7
22. Rhf1+ Nf6 23. Nc6 Ba2+ 24. Kc1 Rc8 25. Rd7 Rc4 26. Rxe7+ Kg8 27. Na5 R4xc7 28.
Rxc7 Rxc7 29. b3 Nd5 30. Re1 Nb4 31. Nc4 Bxb3 32. cxb3 Nd3+ 33. Kd2 Nxe1 34. Kxe1
Rb7 35. Bb6 Rd7 36. b4 Rd3 37. Nxe5 Rb3 38. Bc5 Rb2 39. Kf1 Rb1+ 40. Kf2 Rb2+ 41.
Ke3 Rxg2 42. h4 g5 43. hxg5 Rxg5 44. Kxe4 Kg7 45. b5 Kf6 46. Bd4 Ke6 47. b6 Rg8 48.
b7 Kd6 49. Nc4+ Kc6 50. Na5+ Kb5 51. Be5 Kxa5 52. b8=Q Rxb8 53. Bxb8 h5 54. Kf3 h4
55. Bg3 hxg3 56. Kxg3  1/2-1/2

[Event "28. Offene Internationale Bayerische Schachmeisterschaft"]
[Site "Gmund am Tegernsee"]
[Date "2025.11.09"]
[Round "9"]
[Board "5"]
[White "Bauer, Christian"]
[Black "Naumann, Alexander"]
[Result "1/2-1/2"]
[WhiteElo "2550"]
[BlackElo "2473"]
[PlyCount "0"]
[EventDate "2025.11.01"]
[EventRounds "9"]
[EventCountry "GER"]

1. e4 e5 2. Nf3 Nf6 3. d4 Nxe4 4. dxe5 d5 5. Nbd2 Qd7 6. Bd3 Nc5 7. Be2 Ne6 8. Nf1
b6 9. c3 c5 10. Ng3 Bb7 11. O-O Nc6 12. Re1 g6 13. Ng5 O-O-O 14. Bg4 h6 15. Nf3 Kb8
16. h4 h5 17. Bxe6 fxe6 18. Bg5 Be7 19. Qd3 Rhg8 20. Rad1 Qc7 21. Bf6 Rdf8 22. Ng5
Qc8 23. b4 Bxf6 24. exf6 Rxf6 25. bxc5 bxc5 26. Qe3 c4 27. Ne2 Qc7 28. Nxe6 Qe5 29.
Qxe5+ Nxe5 30. N2f4 Rf5 31. Rb1 Kc8 32. Nc5 Bc6 33. Nfe6 Nd7 34. Nd4 Rf6 35. Nce6
Re8 36. f3 Ba4 37. Re2 Nb6 38. Rbe1 Bd7 39. Nc5 Rxe2 40. Rxe2 Kc7 41. Rb2 Kd6 42.
Nxd7 Kxd7 43. Rb5 Kc7 44. Ra5 Kb7 45. Kf2 a6 46. Nc2 Rd6 47. Ke3 Re6+ 48. Kd2 Re5
49. f4 Re4 50. g3 g5 51. hxg5 h4 52. gxh4 Rxf4 53. Ne3 Rxh4 54. Nxd5 Rh2+ 55. Ke3
Nxd5+ 56. Rxd5 Rxa2 57. Kd4 Kc6 58. Rf5 Rg2 59. Kxc4 Rg4+ 60. Kb3 Kb6 61. Rf6+ Kb5
62. c4+ Kc5 63. Rf5+ Kb6 64. Kb4 Rg1 65. Rf6+ Kb7 66. Rg6 Rg4 67. Kc5 a5 68. Kb5
a4 69. Rg7+ Kc8 70. c5 a3 71. Kc6 Kb8 72. Rb7+ Ka8 73. Rb3 Ra4 74. g6 a2 75. g7 Rg4
76. Ra3+ Kb8 77. Rxa2 Rxg7 78. Rd2 Kc8 79. Rd6 Rc7+ 80. Kb6 Rb7+ 81. Ka6 Rb1 82.
Rc6+ Kd7 83. Rb6 Rc1 84. c6+ Rxc6 85. Rxc6 Kxc6  1/2-1/2

[Event "28. Offene Internationale Bayerische Schachmeisterschaft"]
[Site "Gmund am Tegernsee"]
[Date "2025.11.09"]
[Round "9"]
[Board "6"]
[White "Costa, Leonardo"]
[Black "Kuru, Atilla"]
[Result "1-0"]
[WhiteElo "2546"]
[BlackElo "2435"]
[PlyCount "0"]
[EventDate "2025.11.01"]
[EventRounds "9"]
[EventCountry "GER"]

1. e4 c5 2. Nf3 Nc6 3. Bb5 d6 4. O-O Bd7 5. Re1 a6 6. Bf1 e5 7. Nc3 g5 8. d3 g4 9.
Nd2 h5 10. Nc4 b5 11. Ne3 Nge7 12. a4 b4 13. Ncd5 Nxd5 14. exd5 Ne7 15. c3 bxc3 16.
bxc3 Bg7 17. d4 exd4 18. cxd4 Bxd4 19. Nc4 Kf8 20. Bf4 Ng6 21. Bxd6+ Kg7 22. Bd3
Qf6 23. Bxg6 Bxa1 24. Qxa1 Qxa1 25. Rxa1 Kxg6 26. Ne5+ Kf5 27. Nxd7 Rad8 28. Ne5
Rxd6 29. Nxf7 Rhd8 30. Rc1 c4 31. g3 Rxd5 32. Nxd8 Rxd8 33. Rxc4 Rd5 34. Kg2 Kg5
35. h3 Re5 36. Rc6 a5 37. Ra6 Rc5 38. Rb6 Re5 39. Rb5 gxh3+ 40. Kxh3 Rxb5 41. axb5
a4 42. b6 a3 43. b7 a2 44. b8=Q a1=Q 45. f4+ Kh6 46. Qd6+ Kh7 47. Qe7+ Kg8 48. Qe8+
 1-0

[Event "28. Offene Internationale Bayerische Schachmeisterschaft"]
[Site "Gmund am Tegernsee"]
[Date "2025.11.09"]
[Round "9"]
[Board "7"]
[White "Sasikiran, Krishnan"]
[Black "Kuegel, Tobias"]
[Result "1-0"]
[WhiteElo "2535"]
[BlackElo "2391"]
[PlyCount "0"]
[EventDate "2025.11.01"]
[EventRounds "9"]
[EventCountry "GER"]

1. d4 Nf6 2. c4 c5 3. d5 b5 4. Nf3 e6 5. Bf4 bxc4 6. Nc3 d6 7. e4 e5 8. Be3 Qa5 9.
Nd2 Ba6 10. Nxc4 Bxc4 11. Bxc4 Nxe4 12. Bb5+ Kd8 13. Rb1 a6 14. Ba4 Nd7 15. Bxd7
Nxc3 16. bxc3 Kxd7 17. Rb7+ Ke8 18. Qg4 Qd8 19. Qa4+  1-0

[Event "28. Offene Internationale Bayerische Schachmeisterschaft"]
[Site "Gmund am Tegernsee"]
[Date "2025.11.09"]
[Round "9"]
[Board "8"]
[White "Vrolijk, Liam"]
[Black "Yelisieiev, Yevhenii"]
[Result "1/2-1/2"]
[WhiteElo "2521"]
[BlackElo "2388"]
[PlyCount "0"]
[EventDate "2025.11.01"]
[EventRounds "9"]
[EventCountry "GER"]

1. Nf3 d5 2. g3 g6 3. Bg2 Bg7 4. d4 c6 5. O-O Nf6 6. a4 a5 7. c4 O-O 8. cxd5 cxd5
9. Qb3 Nc6 10. Bf4 Ne4 11. Nc3 Nb4 12. Rac1 b6 13. Nxe4 dxe4 14. Ng5 Bb7 15. Rfd1
Bd5 16. Qa3 Rc8 17. Nxe4 Rxc1  1/2-1/2

[Event "28. Offene Internationale Bayerische Schachmeisterschaft"]
[Site "Gmund am Tegernsee"]
[Date "2025.11.09"]
[Round "9"]
[Board "9"]
[White "Gokerkan, Cem Kaan"]
[Black "Meins, Gerlef"]
[Result "1-0"]
[WhiteElo "2502"]
[BlackElo "2370"]
[PlyCount "0"]
[EventDate "2025.11.01"]
[EventRounds "9"]
[EventCountry "GER"]

1. e4 c5 2. Nf3 Nc6 3. d4 cxd4 4. Nxd4 Nf6 5. Nc3 d6 6. Bg5 Bd7 7. Qd2 a6 8. O-O-O
Rc8 9. Kb1 Nxd4 10. Qxd4 Qa5 11. f4 Qc5 12. Qd2 Ng4 13. Bh4 e6 14. h3 Ne3 15. Bf2
Nc4 16. Bxc4 Qxc4 17. Bd4 Qc7 18. Rhe1 f6 19. f5 Be7 20. fxe6 Bxe6 21. Nd5 Qd8 22.
Qb4 b5 23. Qa3 O-O 24. Qxa6 Qd7 25. b3 Rfe8 26. Qa7 Qxa7 27. Bxa7 Bf8 28. g4 h5 29.
gxh5 Bxh3 30. Rd3 Be6 31. h6 f5 32. hxg7 Bxg7 33. Rg1 Kf7 34. exf5 Bxd5 35. Rxd5
Re2 36. Rxd6 Be5 37. Rd7+ Kf6 38. Rc1 Bf4 39. Bd4+ Kxf5 40. Rf7+  1-0

[Event "28. Offene Internationale Bayerische Schachmeisterschaft"]
[Site "Gmund am Tegernsee"]
[Date "2025.11.09"]
[Round "9"]
[Board "10"]
[White "Heinrich, John"]
[Black "Celik, Hasan Huseyin"]
[Result "1/2-1/2"]
[WhiteElo "2338"]
[BlackElo "2494"]
[PlyCount "0"]
[EventDate "2025.11.01"]
[EventRounds "9"]
[EventCountry "GER"]

1. d4 Nf6 2. c4 e6 3. Nf3 b6 4. g3 Ba6 5. Qa4 Bb7 6. Bg2 c5 7. O-O cxd4 8. Nxd4 Bxg2
9. Kxg2 Qc8 10. Nc3 Nc6 11. Nxc6 Qxc6+ 12. Qxc6 dxc6 13. Rd1 Bb4 14. Bd2 O-O-O 15.
Be1 g5 16. a3 Bd6 17. Rd3 Be5 18. Rad1 Rxd3 19. Rxd3 h5 20. Bd2 g4 21. f4 gxf3+ 22.
exf3 h4 23. f4 Bc7 24. Kf3 Rg8 25. Ne4 Nxe4 26. Kxe4 f5+ 27. Kf3 hxg3 28. hxg3 e5
29. fxe5 Bxe5 30. Bf4 Bxb2 31. Rd6 Bxa3 32. Rxc6+ Kb7 33. Rc7+ Ka8 34. Be5 Rf8 35.
Ke3 Bc5+ 36. Kd3 Re8 37. Bf4 a5 38. Rf7 Rf8 39. Rd7 a4 40. Bd6 Rg8 41. Kc2 Bxd6 42.
Rxd6 Rxg3 43. Rxb6 a3 44. c5 Ka7 45. Rf6 Rf3 46. Kb1 Kb7 47. Ka2 f4 48. Ka1 Rf2 49.
Kb1 Kc7 50. c6 f3 51. Ka1 Kb6 52. Kb1 Rb2+ 53. Ka1 Rb3 54. Ka2 Rc3 55. Kb1 Kc7 56.
Ka2 Kd8 57. Rf7 Ke8 58. Rf4 Ke7 59. c7 Kd7 60. Rf7+ Kc8 61. Kb1 Kb7 62. Ka2 Re3 63.
Rg7 Re1 64. Rf7 Re3 65. Rg7 Rd3 66. Rf7 Rc3 67. Kb1 Kc8 68. Ka2 Kxc7 69. Rf4 Kd7
 1/2-1/2

[Event "28. Offene Internationale Bayerische Schachmeisterschaft"]
[Site "Gmund am Tegernsee"]
[Date "2025.11.09"]
[Round "9"]
[Board "11"]
[White "Chanda, Sandipan"]
[Black "Kueppers, Timo"]
[Result "1-0"]
[WhiteElo "2483"]
[BlackElo "2327"]
[PlyCount "0"]
[EventDate "2025.11.01"]
[EventRounds "9"]
[EventCountry "GER"]

1. d4 Nf6 2. Bf4 g6 3. c3 Bg7 4. Nd2 d6 5. e4 Nbd7 6. Ngf3 e5 7. dxe5 dxe5 8. Nxe5
Nh5 9. Nd3 Nxf4 10. Nxf4 O-O 11. g3 Nc5 12. Qc2 a5 13. Nd3 Qe7 14. Nxc5 Qxc5 15.
Bg2 a4 16. a3 Qb5 17. f4 Qc5 18. O-O-O Bg4 19. Bf3 Bxf3 20. Nxf3 Qe3+ 21. Nd2 b5
22. e5 Rfc8 23. Rhe1 Qb6 24. Ne4 c5 25. Nd6 Rc6 26. Qd3 Bf8 27. Qd5 Ra7 28. c4 bxc4
29. Nxc4 Qa6 30. g4 Rcc7 31. e6 Rab7 32. exf7+ Rxf7 33. Ne5 Qb5 34. Rd2 Bg7 35. Nxf7
Bxb2+ 36. Kc2 Rxf7 37. Rb1  1-0

[Event "28. Offene Internationale Bayerische Schachmeisterschaft"]
[Site "Gmund am Tegernsee"]
[Date "2025.11.09"]
[Round "9"]
[Board "12"]
[White "Soumya, Swaminathan"]
[Black "Pultinevicius, Paulius"]
[Result "1/2-1/2"]
[WhiteElo "2256"]
[BlackElo "2542"]
[PlyCount "0"]
[EventDate "2025.11.01"]
[EventRounds "9"]
[EventCountry "GER"]

1. e4 c5 2. Nf3 e6 3. d4 cxd4 4. Nxd4 Nc6 5. Bf4 d6 6. Nxc6 bxc6 7. Bd3 Nf6 8. c4
e5 9. Be3 Rb8 10. Qe2 d5 11. exd5 cxd5 12. O-O Bd6 13. cxd5 Nxd5 14. Bxa7 Nf4 15.
Qc2 Nxd3 16. Qxd3 Rxb2 17. Na3 Rb7 18. Nc4 O-O 19. Qxd6 Qxd6 20. Nxd6 Rxa7 21. Nxc8
Rxc8 22. Rfc1 Rxc1+  1/2-1/2

[Event "28. Offene Internationale Bayerische Schachmeisterschaft"]
[Site "Gmund am Tegernsee"]
[Date "2025.11.09"]
[Round "9"]
[Board "13"]
[White "Gholami Orimi, Mahdi"]
[Black "Litzka, Richard"]
[Result "1/2-1/2"]
[WhiteElo "2513"]
[BlackElo "2237"]
[PlyCount "0"]
[EventDate "2025.11.01"]
[EventRounds "9"]
[EventCountry "GER"]

1. d4 d5 2. c4 e6 3. Nc3 Nf6 4. cxd5 exd5 5. Bg5 c6 6. e3 h6 7. Bh4 Be7 8. Bd3 O-O
9. Qc2 Ne8 10. Bg3 Nd6 11. h3 Be6 12. Nf3 Nd7 13. O-O Nf6 14. Ne5 Qc8 15. Rac1 Nde4
16. Bh2 Nxc3 17. bxc3 c5 18. Qb1 c4 19. Bc2 Nd7 20. e4 Nxe5 21. Bxe5 Qc6 22. Rce1
Rfe8 23. Re3 Bf8 24. f3 b5 25. Bg3 g6 26. e5 Bf5 27. Bxf5 gxf5 28. Bh4 f4 29. Re2
Rab8 30. Qf5 Qg6 31. Qxf4 b4 32. cxb4 Rxb4 33. Qe3 Reb8 34. f4 Qd3 35. Qxd3 cxd3
36. Rd2 Rxd4 37. Rf3 Rbb4 38. Bg3 Ra4 39. Rfxd3 Rxd3 40. Rxd3 Bc5+ 41. Kh2 d4 42.
Rd2 Bb6 43. Bf2 Kf8 44. Kg3 Ke7 45. Kf3 Ke6 46. Ke4 d3+ 47. Kf3 Bxf2 48. Rxf2 Kd5
49. Ke3 h5 50. Rd2 Re4+ 51. Kxd3 h4 52. Kc3+ Kc5 53. Rf2 Re3+ 54. Kd2 Ra3 55. Ke1
Kd5 56. Rd2+ Ke4 57. Rd7 Kxf4 58. Rxf7+ Kxe5 59. Rf2 Rg3 60. Kf1 Ra3 61. Kg1 a5 62.
Rb2 Kf5 63. Kh2 Kg5 64. Rf2 Kg6 65. Kg1 Kg5 66. Kf1 Kg6 67. Ke1 Kg5 68. Kd1 Kg6 69.
Kc1 Kg5 70. Kb1 Rg3 71. Rc2 Kf6 72. Rc6+ Ke7 73. Rc4 Rxg2 74. Rxh4 Rh2 75. a3 Kd6
76. Rh5 a4 77. Rh4 Kc5 78. Kc1 Kb5 79. Rb4+ Ka5 80. Rh4 Ra2 81. Rg4  1/2-1/2

[Event "28. Offene Internationale Bayerische Schachmeisterschaft"]
[Site "Gmund am Tegernsee"]
[Date "2025.11.09"]
[Round "9"]
[Board "14"]
[White "Ioannidis, Evgenios"]
[Black "Ongut, Tamas Gunes"]
[Result "1-0"]
[WhiteElo "2479"]
[BlackElo "2264"]
[PlyCount "0"]
[EventDate "2025.11.01"]
[EventRounds "9"]
[EventCountry "GER"]

1. c4 Nf6 2. Nc3 g6 3. e4 d6 4. d4 Bg7 5. Be2 O-O 6. Bg5 Nc6 7. Nf3 h6 8. Be3 Ng4
9. Bc1 e5 10. d5 Nd4 11. h3 Nf6 12. Be3 Nxe2 13. Qxe2 Nh5 14. Qd2 Nf4 15. Bxf4 exf4
16. Qxf4 f5 17. O-O-O fxe4 18. Qxe4 Bf5 19. Qe3 Re8 20. Qd2 Be4 21. Rhg1 c5 22. Rde1
Bf5 23. Rxe8+ Qxe8 24. Re1 Qd8 25. g4 Bd7 26. g5 Qf8 27. gxh6 Bxh6 28. Ng5 Bxh3 29.
f4 Bf5 30. Qh2 Bxg5 31. fxg5 a6 32. Rh1 Qg7 33. Qxd6 b5 34. cxb5 Qd4 35. Qh2 Qe3+
36. Qd2 Qf3 37. Re1 axb5 38. d6 b4 39. d7 Bxd7 40. Nd5 Bh3 41. Nf6+ Kh8 42. Qe3 Qxe3+
43. Rxe3  1-0

[Event "28. Offene Internationale Bayerische Schachmeisterschaft"]
[Site "Gmund am Tegernsee"]
[Date "2025.11.09"]
[Round "9"]
[Board "15"]
[White "Stocek, Jiri"]
[Black "Doll, Alexander"]
[Result "1-0"]
[WhiteElo "2471"]
[BlackElo "2234"]
[PlyCount "0"]
[EventDate "2025.11.01"]
[EventRounds "9"]
[EventCountry "GER"]

1. c4 e6 2. Nc3 d5 3. d4 Nf6 4. Bg5 Nbd7 5. e3 c6 6. Nf3 Be7 7. Bd3 dxc4 8. Bxc4
Nd5 9. Bxe7 Qxe7 10. O-O Nxc3 11. bxc3 O-O 12. Qc2 e5 13. Bd3 g6 14. a4 c5 15. Rfe1
exd4 16. exd4 Qd6 17. h3 Nf6 18. Rad1 cxd4 19. Nxd4 Qc5 20. Qb2 Bd7 21. Ra1 Rac8
22. c4 Rfe8 23. Nf3 Rxe1+ 24. Rxe1 Qd6 25. Ne5 Bxa4 26. Qxb7 Rc7 27. Qb8+ Kg7 28.
Re3 Qb6 29. Qxb6 axb6 30. g4 Rc5 31. f4 Nd7 32. g5 Nxe5 33. Rxe5 Rc7 34. Kf2 h6 35.
h4 hxg5 36. hxg5 Bd7 37. Ke3 Be6 38. Kd4 Kf8 39. Rb5 Rc6 40. Rb4 Ke7 41. Be4 Rd6+
42. Bd5 f6 43. Rb2 Kf7 44. Rh2 Kg7 45. Re2 Bxd5 46. cxd5 Rd7 47. Rb2 fxg5 48. fxg5
Rf7 49. d6 Rf1 50. Kd5 Kf7 51. Re2 Rf5+ 52. Kc6 Rxg5 53. d7 Rc5+ 54. Kd6 Rc4 55.
Rf2+ Kg7 56. Rd2  1-0

[Event "28. Offene Internationale Bayerische Schachmeisterschaft"]
[Site "Gmund am Tegernsee"]
[Date "2025.11.09"]
[Round "9"]
[Board "16"]
[White "Stoettner, Lukas"]
[Black "Goldbeck, Lars"]
[Result "1/2-1/2"]
[WhiteElo "2227"]
[BlackElo "2415"]
[PlyCount "0"]
[EventDate "2025.11.01"]
[EventRounds "9"]
[EventCountry "GER"]

1. Nf3 d5 2. g3 Nf6 3. Bg2 e6 4. O-O Bd6 5. d3 O-O 6. Nc3 Nc6 7. Nb5 Be7 8. d4 a6
9. Nc3 Ne4 10. Nxe4 dxe4 11. Ne5 Nxe5 12. dxe5 Qd5 13. c3 b5 14. Qc2 Bb7 15. Rd1
Qxe5 16. Bf4 Qf5 17. Rd7 Rfe8 18. Rxc7 Bd5 19. f3 exf3 20. Qxf5 exf5 21. Bxf3 Rad8
22. a4 g5 23. Rxe7 Bxf3 24. Rxe8+ Rxe8 25. exf3 gxf4 26. axb5 axb5 27. Ra5 fxg3 28.
Rxb5 gxh2+ 29. Kxh2 Kg7 30. Kg3 Kg6 31. c4 Re1 32. b4 h5 33. Rd5 Rg1+ 34. Kf2 Rb1
35. b5 Kg5 36. Rd4 h4 37. Kg2 Rb4 38. Kh3 f4 39. Rd5+ f5 40. Rc5 Rb3 41. Kg2 Rb2+
42. Kh3 Rb3 43. Kg2 Rb2+ 44. Kh3  1/2-1/2

[Event "28. Offene Internationale Bayerische Schachmeisterschaft"]
[Site "Gmund am Tegernsee"]
[Date "2025.11.09"]
[Round "9"]
[Board "17"]
[White "Hess, Max"]
[Black "Celik, Ali Alper"]
[Result "1/2-1/2"]
[WhiteElo "2403"]
[BlackElo "2219"]
[PlyCount "0"]
[EventDate "2025.11.01"]
[EventRounds "9"]
[EventCountry "GER"]

1. Nf3 d5 2. g3 Nf6 3. Bg2 c6 4. O-O Bf5 5. c4 e6 6. Qb3 Qb6 7. d3 h6 8. cxd5 exd5
9. Qc2 Nbd7 10. Nc3 Be7 11. e4 dxe4 12. dxe4 Bh7 13. Be3 Qa5 14. Nd4 O-O 15. h3 Rac8
16. a3 Nd5 17. Nxd5 cxd5 18. Qd1 Bxe4 19. Bxe4 dxe4 20. Ne6 fxe6 21. Qxd7 Bf6 22.
Qxe6+ Kh8 23. Qxe4 Bxb2 24. Ra2 Rce8 25. Qb4 Bc3 26. Qxb7 a6 27. Qb6 Qd5 28. Rc2
Qd3 29. Rfc1 Be5 30. Bc5 Rf6 31. Qb7 Rg6 32. Qf7 Rd8 33. Kh1 Bxg3 34. fxg3 Rxg3 35.
Bg1 Qe4+ 36. Kh2 Rf3 37. Qh5 Qf4+ 38. Kh1 Rdd3 39. Qe8+ Kh7 40. Qe2 Rxh3+ 41. Bh2
Rdg3 42. Rc4 Qf3+ 43. Qxf3 Rxf3 44. Kg2 Rxa3 45. Rg4 Rhc3 46. Rxg7+ Kxg7 47. Be5+
Kg6 48. Bxc3 h5 49. Bd4 Kg5 50. Rc4 a5 51. Bc5 Rb3 52. Be7+ Kg6 53. Rc5 Rb2+ 54.
Kf3 Ra2 55. Bd8 a4 56. Ra5 a3 57. Be7 Ra1 58. Bxa3 Ra2 59. Kf4 Rf2+ 60. Kg3 Ra2 61.
Ra8 Ra1 62. Kh3 Rh1+ 63. Kg2 Ra1 64. Rg8+ Kh7 65. Rg3 h4 66. Rb3 Kg6 67. Be7 Kf5
68. Bxh4 Ke4 69. Rb8 Ra3 70. Re8+ Kf4 71. Bf2 Rb3 72. Rh8 Ke4 73. Rh4+ Kd5 74. Ra4
Rc3 75. Bg3 Rc2+ 76. Bf2 Rc3 77. Rd4+ Ke5 78. Rd8 Kf4 79. Rf8+ Ke4 80. Bg3 Rc2+ 81.
Kh3 Rc6 82. Bf4 Rg6 83. Kh4 Rg1 84. Bg3 Ra1 85. Kg4 Ra7 86. Re8+ Kd5 87. Bh4 Rf7
88. Bg5 Rf1 89. Bf4 Rh1 90. Kf5 Rf1 91. Rd8+ Kc5 92. Ke4 Rh1 93. Rc8+ Kb5 94. Be5
Rh4+ 95. Kd5 Rh5 96. Rb8+ Ka5 97. Kd4 Ka6 98. Bd6 Rb5 99. Rh8 Kb6 100. Rh6 Rb1 101.
Bc5+ Kc7 102. Kd5 Rd1+ 103. Bd4 Kd7 104. Rh7+ Kd8 105. Ra7 Rd2 106. Ke5 Kc8 107.
Rh7 Rd1 108. Bc5 Rd7 109. Be7 Kc7 110. Ke6 Rd1 111. Bh4+ Kc6 112. Bg3 Rg1 113. Rc7+
Kb6 114. Rc3 Rh1 115. Kd5 Rh5+ 116. Be5 Kb5 117. Rc5+ Kb4 118. Kc6  1/2-1/2

[Event "28. Offene Internationale Bayerische Schachmeisterschaft"]
[Site "Gmund am Tegernsee"]
[Date "2025.11.09"]
[Round "9"]
[Board "18"]
[White "Dahl, Christoph"]
[Black "Thibous, Mathis"]
[Result "1/2-1/2"]
[WhiteElo "2387"]
[BlackElo "2160"]
[PlyCount "0"]
[EventDate "2025.11.01"]
[EventRounds "9"]
[EventCountry "GER"]

1. d4 g6 2. c4 Bg7 3. Nc3 d6 4. e4 e5 5. Nf3 exd4 6. Nxd4 Nc6 7. Be3 Nge7 8. Be2
O-O 9. O-O f5 10. exf5 Bxd4 11. Bxd4 Nxf5 12. Be3 Nxe3 13. fxe3 Rxf1+ 14. Bxf1 Be6
15. Nd5 Ne5 16. Qd4 Bxd5 17. Qxd5+ Kg7 18. Qxb7 Rb8 19. Qxa7 Rxb2 20. Re1 Qh4 21.
Re2 Rxe2 22. Bxe2 Qe1+ 23. Bf1 Kh6 24. Qd4 c5 25. Qe4 Kg7 26. Qb7+ Kf6 27. Qe4 h5
28. h3 g5 29. h4 gxh4 30. a4 Ng4 31. Qf4+ Ke7 32. Qe4+ Kd8 33. Qa8+ Ke7 34. Qe4+
Ne5 35. a5 Qxa5 36. Qxh4+ Kd7 37. Qxh5 Qe1 38. Qf5+ Kc7 39. Qf4 Nd3 40. Qf3 Ne5 41.
Qf4 Nd3 42. Qf3 Ne5 43. Qf2 Qc1 44. Qf4 Qe1 45. Qf2 Qc1 46. Qf4 Qe1  1/2-1/2

[Event "28. Offene Internationale Bayerische Schachmeisterschaft"]
[Site "Gmund am Tegernsee"]
[Date "2025.11.09"]
[Round "9"]
[Board "19"]
[White "Falkevall, Axel"]
[Black "Nasta, Kiren Vivek"]
[Result "0-1"]
[WhiteElo "2380"]
[BlackElo "2197"]
[PlyCount "0"]
[EventDate "2025.11.01"]
[EventRounds "9"]
[EventCountry "GER"]

1. d4 Nf6 2. c4 g6 3. Nc3 d5 4. cxd5 Nxd5 5. e4 Nxc3 6. bxc3 Bg7 7. Be3 c5 8. Nf3
Bg4 9. Rc1 O-O 10. Qd2 Bxf3 11. gxf3 e6 12. Be2 cxd4 13. cxd4 Nc6 14. Rd1 Qh4 15.
O-O Nxd4 16. Bxd4 Rad8 17. Qe3 Rxd4 18. f4 Rxd1 19. Rxd1 Bh6 20. Qg3 Qxf4 21. Qxf4
Bxf4 22. Rd7 Rb8 23. a4 a6 24. h4 b5 25. axb5 axb5 26. h5 b4 27. hxg6 hxg6 28. Rd1
b3 29. Bd3 b2 30. Kf1 Bc1 31. Bb1 Ra8  0-1

[Event "28. Offene Internationale Bayerische Schachmeisterschaft"]
[Site "Gmund am Tegernsee"]
[Date "2025.11.09"]
[Round "9"]
[Board "20"]
[White "Gallas, Noel"]
[Black "Jin, Yueheng"]
[Result "0-1"]
[WhiteElo "2184"]
[BlackElo "2376"]
[PlyCount "0"]
[EventDate "2025.11.01"]
[EventRounds "9"]
[EventCountry "GER"]

1. d4 Nf6 2. Nc3 d5 3. Bf4 c5 4. e3 cxd4 5. exd4 Bg4 6. f3 Bd7 7. Nb5 Bxb5 8. Bxb5+
Nc6 9. c3 e6 10. Ne2 Bd6 11. Bxd6 Qxd6 12. Qd2 a6 13. Bd3 b5 14. h4 b4 15. Rc1 O-O
16. cxb4 Nxb4 17. Bb1 Rfc8 18. O-O Qb6 19. Rc3 Rxc3 20. Qxc3 Nc6 21. Rc1 Rc8 22.
Bd3 Nd7 23. Qa3 Ra8 24. Qd6 Nde5 25. b3 Nxd3 26. Rxc6 Qb4 27. Rxa6 Qe1+ 28. Kh2 Qxh4+
29. Kg1 Qf2+ 30. Kh2 Rf8 31. Nf4 Ne1 32. Kh1 g5 33. Qe5 Qg3 34. Qg7+ Kxg7 35. Nh5+
Kg6 36. Nxg3 Rc8 37. Nf1 Rc2 38. Ne3 Re2 39. Nxd5 Rxg2 40. f4 Rd2 41. Kg1 Kf5 42.
Kf1 Nf3 43. Ne3+ Kxf4 44. Nc4 Rc2 45. Ne5 Kg3 46. Nxf3 Kxf3 47. Ke1 g4 48. b4 g3
49. Ra3+ Kg4 50. Kf1 f5 51. b5 f4  0-1

[Event "28. Offene Internationale Bayerische Schachmeisterschaft"]
[Site "Gmund am Tegernsee"]
[Date "2025.11.09"]
[Round "9"]
[Board "21"]
[White "Mkrtchian, Lilit"]
[Black "Sajka, Mariusz"]
[Result "1-0"]
[WhiteElo "2372"]
[BlackElo "2209"]
[PlyCount "0"]
[EventDate "2025.11.01"]
[EventRounds "9"]
[EventCountry "GER"]

1. c4 c6 2. e4 d5 3. exd5 cxd5 4. d4 Nf6 5. Nf3 Nc6 6. h3 g6 7. Nc3 Bg7 8. c5 O-O
9. Bb5 Qc7 10. O-O Bd7 11. Re1 b6 12. cxb6 axb6 13. Ne5 e6 14. Bg5 h6 15. Bxf6 Bxf6
16. Bxc6 Bxc6 17. Rc1 Bxe5 18. dxe5 Kg7 19. Nb5 Qb7 20. Nd6 Qd7 21. Qd4 Ra6 22. Rc3
Ba8 23. Rec1 Qa4 24. b4 Ra7 25. Qf4 Qd7 26. Qf6+  1-0

[Event "28. Offene Internationale Bayerische Schachmeisterschaft"]
[Site "Gmund am Tegernsee"]
[Date "2025.11.09"]
[Round "9"]
[Board "22"]
[White "Serikbay, Assel"]
[Black "Nurman, Alua"]
[Result "1/2-1/2"]
[WhiteElo "2174"]
[BlackElo "2344"]
[PlyCount "0"]
[EventDate "2025.11.01"]
[EventRounds "9"]
[EventCountry "GER"]

1. e4 e5 2. Nf3 Nc6 3. Bb5 Nf6 4. O-O Nxe4 5. d4 Nd6 6. dxe5 Nxb5 7. a4 Nbd4 8. Nxd4
Nxd4 9. Qxd4 d5 10. exd6 Qxd6 11. Qe4+ Qe6 12. Qd4 Qd6 13. Qe4+ Qe6 14. Qd4 Qd6 15.
Qe4+ Qd8  1/2-1/2